000 00682aam a2200265 4500
005 20240816155840.0
008 150727b1993 CR ||||| |||| 00| 0 spa d
020 _a9977971412
041 _aESP
082 _a597.92 A184t
100 _aAcuña Mesén, Rafael Arturo
245 _aLas tortugas continentales de Costa Rica
260 _aCosta Rica
260 _bEditorial ICER
260 _c1993
300 _a98 páginas
505 _aIncluye ilustraciones a blanco y negro y fotografías a color
650 _aHERPETOLOGÍA
650 _aTORTUGAS
650 _aHISTORIA NATURAL
650 _aZOOLOGÍA
650 _aCOSTA RICA
942 _cBK
_2ddc
999 _c375
_d375